000 00692nam a2200241Ia 4500
003 OSt
005 20220926013819.0
006 a|||||r|||| 00| 0
007 ta
008 220923b |||||||| |||| 00| 0 eng d
037 _cGeneral Book
040 _aRTL
_cRTL
_beng
041 _2eng
_aeng
082 _aX:(D6,9(B), M9
100 _aSalkind Neil J
_9292356
245 0 _aExcel
_b A business user's guide I B M and macintosh
260 _aNew York
_bJohn Wiley U S A
_c1989
300 _axi,339p
_ccm.
500 _aAppendix:p335-36
650 _aOperations Research Economics
942 _hX:(D6,9(B), M9
_cGB
_2CC
999 _c626920
_d626920